[Event "WYCC Open U14"]
[Site "Porto Carras"]
[Date "2015.10.28"]
[Round "4.3"]
[White "Shevchenko, Kirill"]
[Black "Drori, Saar"]
[Result "1-0"]
[BlackElo "2156"]
[WhiteElo "2359"]
[LiveChessVersion "1.4.6"]

1. e4 {[%clk 1:30:59]} c5 {[%clk 1:30:55]} 2. Nf3 {[%clk 1:31:23]} d6
{[%clk 1:31:18]} 3. d4 {[%clk 1:31:44]} cxd4 {[%clk 1:31:46]} 4. Nxd4
{[%clk 1:32:08]} Nf6 {[%clk 1:32:08]} 5. Nc3 {[%clk 1:32:29]} a6 {[%clk 1:31:35]}
6. Be3 {[%clk 1:32:52]} e5 {[%clk 1:31:58]} 7. Nf3 {[%clk 1:33:13]} Be7
{[%clk 1:32:21]} 8. Bc4 {[%clk 1:33:02]} O-O {[%clk 1:32:39]} 9. O-O
{[%clk 1:33:14]} Nc6 {[%clk 1:32:50]} 10. Bb3 {[%clk 1:28:16]} Be6
{[%clk 1:30:39]} 11. Qd3 {[%clk 1:28:21]} Rc8 {[%clk 1:14:51]} 12. Rfd1
{[%clk 1:26:58]} Na5 {[%clk 1:13:36]} 13. Bg5 {[%clk 1:20:55]} Nxb3 14. axb3
{[%clk 1:08:22]} Ne8 {[%clk 0:58:54]} 15. Bxe7 {[%clk 1:02:17]} Qxe7
{[%clk 0:59:23]} 16. Nd2 {[%clk 1:02:28]} f5 {[%clk 0:47:25]} 17. exf5
{[%clk 0:44:41]} Bxf5 {[%clk 0:47:18]} 18. Nde4 {[%clk 0:44:31]} Rc6
{[%clk 0:43:38]} 19. f3 {[%clk 0:40:14]} Nf6 {[%clk 0:36:56]} 20. Qe2
{[%clk 0:33:55]} Kh8 {[%clk 0:31:28]} 21. Rd2 {[%clk 0:32:57]} Be6
{[%clk 0:27:30]} 22. Rad1 {[%clk 0:25:14]} Rd8 {[%clk 0:24:49]} 23. Qe3
{[%clk 0:20:21]} b5 {[%clk 0:20:30]} 24. b4 {[%clk 0:18:15]} Rd7 {[%clk 0:10:27]}
25. f4 {[%clk 0:14:55]} Bg4 {[%clk 0:06:06]} 26. Rf1 {[%clk 0:07:47]} exf4
{[%clk 0:04:46]} 27. Qxf4 {[%clk 0:07:52]} Rc4 {[%clk 0:04:34]} 28. Rxd6
{[%clk 0:03:17]} Rxd6 {[%clk 0:02:45]} 29. Qxd6 {[%clk 0:03:46]} Qxd6
{[%clk 0:02:22]} 30. Nxd6 {[%clk 0:04:15]} Rxb4 {[%clk 0:01:47]} 31. Nd5
{[%clk 0:02:43]} Rd4 {[%clk 0:02:02]} 32. Nxf6 {[%clk 0:02:46]} gxf6
{[%clk 0:02:27]} 33. Rxf6 {[%clk 0:03:11]} Rd2 {[%clk 0:00:51]} 34. Ne8
{[%clk 0:02:18]} Kg8 {[%clk 0:01:06]} 35. Rf2 {[%clk 0:02:10]} Rd1+
{[%clk 0:01:01]} 36. Rf1 {[%clk 0:02:39]} Be2 {[%clk 0:00:35]} 37. Rxd1
{[%clk 0:03:03]} Bxd1 {[%clk 0:01:04]} 38. c3 {[%clk 0:02:51]} a5
{[%clk 0:01:19]} 39. Kf2 {[%clk 0:02:07]} b4 {[%clk 0:00:41]} 40. cxb4
{[%clk 0:32:15]} axb4 {[%clk 0:31:06]} 41. Ke3 {[%clk 0:27:55]} Kf7
{[%clk 0:21:26]} 42. Nc7 {[%clk 0:28:13]} Kg6 {[%clk 0:15:27]} 43. Nd5
{[%clk 0:19:04]} b3 {[%clk 0:15:46]} 44. Kf4 {[%clk 0:19:13]} Bc2
{[%clk 0:14:08]} 45. g3 {[%clk 0:18:14]} Bb1 {[%clk 0:13:09]} 46. Ke5
{[%clk 0:18:18]} Kg5 {[%clk 0:13:03]} 47. Ne3 {[%clk 0:18:36]} h5
{[%clk 0:10:43]} 48. h4+ {[%clk 0:18:54]} Kg6 {[%clk 0:11:00]} 49. Ng2
{[%clk 0:19:10]} Bc2 {[%clk 0:10:54]} 50. Nf4+ {[%clk 0:19:35]} Kh6
{[%clk 0:11:12]} 51. Kf6 {[%clk 0:19:58]} Bd1 {[%clk 0:11:20]} 52. Ne6
{[%clk 0:20:15]} Be2 {[%clk 0:08:29]} 53. Nd4 {[%clk 0:20:30]} Bd1
{[%clk 0:08:50]} 54. Nf5+ {[%clk 0:20:39]} Kh7 {[%clk 0:09:19]} 55. Kg5
{[%clk 0:21:01]} Kg8 {[%clk 0:08:57]} 56. Nd6 {[%clk 0:21:08]} Kf8
{[%clk 0:08:18]} 57. Ne4 {[%clk 0:21:27]} Ke7 {[%clk 0:08:30]} 58. Nf6
{[%clk 0:21:49]} Kd6 {[%clk 0:08:36]} 59. Nxh5 {[%clk 0:22:04]} Kc5
{[%clk 0:08:57]} 60. Nf4 {[%clk 0:22:17]} Kd4 {[%clk 0:09:18]} 61. h5
{[%clk 0:22:34]} Ke3 {[%clk 0:08:40]} 62. h6 {[%clk 0:22:46]} Bc2
{[%clk 0:09:05]} 63. Ng6 1-0

[Event "WYCC Open U14"]
[Site "Porto Carras"]
[Date "2015.10.28"]
[Round "4.4"]
[White "Kozak, Adam"]
[Black "Giannoulakis, Labros"]
[Result "1-0"]
[BlackElo "2139"]
[WhiteElo "2349"]
[LiveChessVersion "1.4.6"]

1. d4 {[%clk 1:29:53]} Nf6 {[%clk 1:30:47]} 2. c4 {[%clk 1:29:15]} g6
{[%clk 1:31:12]} 3. Nc3 {[%clk 1:29:14]} Bg7 {[%clk 1:31:34]} 4. e4
{[%clk 1:29:10]} d6 {[%clk 1:31:54]} 5. Nf3 {[%clk 1:29:32]} O-O {[%clk 1:32:19]}
6. Be2 {[%clk 1:29:49]} e5 {[%clk 1:32:44]} 7. O-O {[%clk 1:29:47]} Nc6
{[%clk 1:33:13]} 8. d5 {[%clk 1:30:05]} Ne7 {[%clk 1:33:38]} 9. Ne1
{[%clk 1:30:21]} Ne8 {[%clk 1:34:04]} 10. Be3 {[%clk 1:30:30]} f5
{[%clk 1:34:21]} 11. f3 {[%clk 1:30:54]} f4 {[%clk 1:34:50]} 12. Bf2
{[%clk 1:31:20]} g5 {[%clk 1:35:16]} 13. c5 {[%clk 1:31:15]} Rf6 {[%clk 1:34:52]}
14. cxd6 {[%clk 1:08:35]} cxd6 {[%clk 1:35:17]} 15. a4 {[%clk 0:59:59]} Rh6
{[%clk 1:35:16]} 16. Nd3 {[%clk 0:51:18]} Nf6 {[%clk 1:35:22]} 17. Be1
{[%clk 0:50:00]} Rg6 {[%clk 1:35:45]} 18. Nf2 {[%clk 0:45:23]} h5
{[%clk 1:36:11]} 19. h3 {[%clk 0:44:51]} Bh6 {[%clk 1:27:10]} 20. Nb5
{[%clk 0:37:27]} a6 {[%clk 1:19:16]} 21. Na3 {[%clk 0:33:05]} Bd7
{[%clk 1:18:37]} 22. Nc4 {[%clk 0:31:35]} Nc8 {[%clk 1:18:56]} 23. Ra3
{[%clk 0:30:41]} b6 {[%clk 1:15:14]} 24. Bb4 {[%clk 0:24:25]} Bf8
{[%clk 1:15:17]} 25. Rc3 {[%clk 0:21:49]} Ra7 {[%clk 0:57:37]} 26. Qc2
{[%clk 0:18:43]} a5 {[%clk 0:54:06]} 27. Ba3 {[%clk 0:18:41]} Rc7
{[%clk 0:34:12]} 28. Rc1 {[%clk 0:14:49]} g4 {[%clk 0:32:13]} 29. fxg4
{[%clk 0:14:13]} hxg4 {[%clk 0:32:26]} 30. Nxg4 {[%clk 0:14:02]} Nxg4
{[%clk 0:29:48]} 31. Bxg4 {[%clk 0:13:32]} Bxg4 {[%clk 0:29:49]} 32. hxg4
{[%clk 0:13:48]} b5 {[%clk 0:12:55]} 33. axb5 {[%clk 0:12:53]} Rh6
{[%clk 0:13:09]} 34. Rh3 {[%clk 0:05:51]} Rxh3 {[%clk 0:12:59]} 35. gxh3
{[%clk 0:06:14]} Qh4 {[%clk 0:11:41]} 36. Qg2 {[%clk 0:05:27]} Nb6
{[%clk 0:06:35]} 37. b3 {[%clk 0:05:27]} Nxc4 {[%clk 0:06:07]} 38. bxc4
{[%clk 0:04:49]} f3 {[%clk 0:06:27]} 39. Qxf3 {[%clk 0:02:26]} Rf7
{[%clk 0:05:53]} 40. Qg2 {[%clk 0:31:01]} Bh6 {[%clk 0:30:34]} 41. Rf1
{[%clk 0:22:13]} Be3+ {[%clk 0:22:20]} 42. Kh1 {[%clk 0:22:17]} Rf4
{[%clk 0:22:03]} 43. b6 {[%clk 0:03:24]} Bxb6 {[%clk 0:20:10]} 44. Bxd6
{[%clk 0:02:56]} Rxe4 {[%clk 0:17:58]} 45. c5 {[%clk 0:02:23]} Re3
{[%clk 0:17:59]} 46. Rf3 {[%clk 0:01:33]} Qe1+ {[%clk 0:09:33]} 47. Qf1
{[%clk 0:01:10]} e4 {[%clk 0:07:35]} 48. Rf8+ {[%clk 0:01:36]} Kg7
{[%clk 0:07:59]} 49. Qxe1 {[%clk 0:01:26]} Rxe1+ {[%clk 0:08:25]} 50. Kg2
{[%clk 0:01:45]} Bxc5 {[%clk 0:08:34]} 51. Bxc5 {[%clk 0:02:06]} Rd1
{[%clk 0:08:20]} 52. Ra8 {[%clk 0:01:55]} 1-0

[Event "WYCC Open U14"]
[Site "Porto Carras"]
[Date "2015.10.28"]
[Round "4.5"]
[White "Raja, Harshit"]
[Black "Nguyen, Thai Dai Van"]
[Result "1/2-1/2"]
[BlackElo "2409"]
[WhiteElo "2110"]
[LiveChessVersion "1.4.6"]

1. e4 {[%clk 1:30:45]} c5 {[%clk 1:30:51]} 2. Nf3 {[%clk 1:30:35]} d6
{[%clk 1:31:14]} 3. d4 {[%clk 1:30:44]} cxd4 {[%clk 1:31:37]} 4. Nxd4
{[%clk 1:31:05]} Nf6 {[%clk 1:32:00]} 5. Nc3 {[%clk 1:31:28]} a6 {[%clk 1:32:27]}
6. Bg5 {[%clk 1:31:15]} Nbd7 {[%clk 1:32:06]} 7. Qe2 {[%clk 1:30:39]} h6
{[%clk 1:32:18]} 8. Bh4 {[%clk 1:30:23]} g6 {[%clk 1:31:15]} 9. f4
{[%clk 1:24:05]} e5 {[%clk 1:31:41]} 10. fxe5 {[%clk 1:15:50]} dxe5
{[%clk 1:31:55]} 11. O-O-O {[%clk 1:06:15]} Qc7 {[%clk 1:32:10]} 12. Nd5
{[%clk 1:01:26]} Nxd5 {[%clk 1:30:58]} 13. exd5 {[%clk 1:01:50]} Bd6
{[%clk 1:30:32]} 14. Nb3 {[%clk 0:58:53]} b5 {[%clk 1:27:50]} 15. Nd4
{[%clk 0:54:20]} Bb7 {[%clk 1:13:08]} 16. Nc6 {[%clk 0:52:56]} O-O
{[%clk 1:04:01]} 17. g4 {[%clk 0:50:06]} Nb6 {[%clk 0:55:23]} 18. Bg2
{[%clk 0:41:24]} Nxd5 {[%clk 0:49:47]} 19. Bxd5 {[%clk 0:39:27]} Bxc6
{[%clk 0:50:05]} 20. Qe4 {[%clk 0:39:00]} Bxd5 {[%clk 0:50:10]} 21. Rxd5
{[%clk 0:38:41]} Rae8 {[%clk 0:30:10]} 22. Rhd1 {[%clk 0:35:23]} Re6
{[%clk 0:30:35]} 23. Bg3 {[%clk 0:33:05]} Rc8 {[%clk 0:27:41]} 24. R1d2
{[%clk 0:31:55]} Be7 {[%clk 0:19:09]} 25. Rxe5 {[%clk 0:26:17]} Rxe5
{[%clk 0:15:07]} 26. Bxe5 {[%clk 0:26:41]} Qc4 {[%clk 0:15:02]} 27. Qxc4
{[%clk 0:25:56]} Rxc4 {[%clk 0:15:19]} 28. Rd4 {[%clk 0:25:42]} Rxd4
{[%clk 0:13:34]} 29. Bxd4 {[%clk 0:26:06]} Bd6 {[%clk 0:14:02]} 30. h3
{[%clk 0:26:04]} f5 {[%clk 0:14:09]} 31. gxf5 {[%clk 0:23:35]} 1/2-1/2

[Event "WYCC Open U14"]
[Site "Porto Carras"]
[Date "2015.10.28"]
[Round "4.6"]
[White "Tabatabaei, M.Amin"]
[Black "Di Benedetto, Edoardo"]
[Result "1/2-1/2"]
[BlackElo "2238"]
[WhiteElo "2488"]
[LiveChessVersion "1.4.6"]

1. c4 {[%clk 1:30:59]} e6 {[%clk 1:30:49]} 2. Nf3 {[%clk 1:31:21]} d5
{[%clk 1:31:09]} 3. g3 {[%clk 1:31:45]} dxc4 {[%clk 1:31:30]} 4. Qa4+
{[%clk 1:31:47]} Nd7 {[%clk 1:31:41]} 5. Bg2 {[%clk 1:31:50]} a6 {[%clk 1:31:29]}
6. Qxc4 {[%clk 1:31:57]} b5 {[%clk 1:31:48]} 7. Qc2 {[%clk 1:31:31]} Bb7
{[%clk 1:32:04]} 8. O-O {[%clk 1:31:46]} Ngf6 {[%clk 1:32:16]} 9. b3
{[%clk 1:31:32]} Be7 {[%clk 1:32:20]} 10. Bb2 {[%clk 1:31:52]} O-O
{[%clk 1:32:37]} 11. d3 {[%clk 1:30:40]} c5 {[%clk 1:32:29]} 12. Nbd2
{[%clk 1:31:01]} Rc8 {[%clk 1:31:45]} 13. Rac1 {[%clk 1:31:20]} Qb6
{[%clk 1:31:27]} 14. Qc3 {[%clk 1:29:09]} Rfd8 {[%clk 1:28:54]} 15. Rfd1
{[%clk 1:25:25]} Bf8 {[%clk 1:25:21]} 16. e4 {[%clk 1:21:58]} Nb8
{[%clk 1:23:46]} 17. Ne5 {[%clk 1:20:58]} Nc6 {[%clk 1:20:27]} 18. Nxc6
{[%clk 1:21:11]} Bxc6 {[%clk 1:15:55]} 19. Ba1 {[%clk 1:13:42]} Rd7
{[%clk 1:14:52]} 20. Nf3 {[%clk 1:13:31]} Bb7 {[%clk 1:10:45]} 21. Ne5
{[%clk 1:12:59]} Rdc7 {[%clk 1:09:55]} 22. h3 {[%clk 1:05:13]} Ba8
{[%clk 0:57:20]} 23. Qb2 {[%clk 1:03:34]} Nd7 {[%clk 0:53:09]} 24. Ng4
{[%clk 1:02:27]} f6 {[%clk 0:53:24]} 25. h4 {[%clk 1:01:14]} c4 {[%clk 0:47:37]}
26. dxc4 {[%clk 0:50:54]} bxc4 {[%clk 0:47:53]} 27. Rxc4 {[%clk 0:50:15]} Rxc4
{[%clk 0:47:51]} 28. bxc4 {[%clk 0:50:36]} Qxb2 {[%clk 0:48:05]} 29. Bxb2
{[%clk 0:50:59]} Nb6 {[%clk 0:46:45]} 30. Ne3 {[%clk 0:50:54]} Bc5
{[%clk 0:43:08]} 31. Bd4 {[%clk 0:50:39]} Bxd4 {[%clk 0:38:38]} 32. Rxd4
{[%clk 0:50:48]} Kf7 {[%clk 0:37:46]} 33. Bf1 {[%clk 0:46:49]} Ke7
{[%clk 0:34:02]} 34. f3 {[%clk 0:46:57]} Rd8 {[%clk 0:29:23]} 35. Rxd8
{[%clk 0:47:09]} Kxd8 {[%clk 0:29:48]} 36. Kf2 {[%clk 0:47:24]} Nd7
{[%clk 0:30:06]} 37. Nc2 {[%clk 0:44:17]} Nc5 {[%clk 0:30:07]} 38. Ke3
{[%clk 0:44:37]} Kc7 {[%clk 0:29:00]} 39. Kd4 {[%clk 0:43:24]} Kd6
{[%clk 0:27:15]} 40. Ne3 {[%clk 1:03:52]} Bc6 {[%clk 0:53:18]} 41. Be2
{[%clk 1:04:06]} Bd7 {[%clk 0:52:53]} 42. Bd1 {[%clk 1:04:26]} a5
{[%clk 0:52:11]} 43. Bc2 {[%clk 1:04:35]} Bc8 {[%clk 0:46:25]} 44. Kc3
{[%clk 0:51:54]} Bb7 {[%clk 0:46:11]} 45. e5+ {[%clk 0:49:09]} fxe5
{[%clk 0:45:46]} 46. Bxh7 {[%clk 0:49:15]} Bxf3 {[%clk 0:45:46]} 47. g4
{[%clk 0:49:17]} Na4+ {[%clk 0:45:03]} 48. Kb3 {[%clk 0:24:54]} Nc5+
{[%clk 0:45:24]} 49. Kc3 {[%clk 0:25:20]} Na4+ {[%clk 0:45:19]} 50. Kd2
{[%clk 0:23:50]} e4 {[%clk 0:44:08]} 51. g5 {[%clk 0:23:24]} Ke5 {[%clk 0:43:29]}
52. Nc2 {[%clk 0:23:47]} Kf4 {[%clk 0:42:09]} 53. Nd4 {[%clk 0:14:23]} Nc5
{[%clk 0:23:51]} 54. Bg6 {[%clk 0:14:46]} e5 {[%clk 0:20:53]} 55. Nf5
{[%clk 0:09:00]} Bg4 {[%clk 0:15:45]} 56. Ne3 {[%clk 0:05:15]} Be6
{[%clk 0:15:34]} 57. Be8 {[%clk 0:05:14]} Bc8 {[%clk 0:13:12]} 58. Bc6
{[%clk 0:04:40]} Bg4 {[%clk 0:13:06]} 59. Be8 {[%clk 0:03:56]} Bf3
{[%clk 0:12:38]} 60. Bf7 {[%clk 0:03:38]} Bg4 {[%clk 0:12:58]} 61. Nd5+
{[%clk 0:03:04]} Kf3 {[%clk 0:12:32]} 62. Ne3 {[%clk 0:02:24]} Kf4
{[%clk 0:12:56]} 63. Be8 {[%clk 0:02:36]} Bf3 {[%clk 0:12:34]} 64. Bg6
{[%clk 0:03:00]} Ne6 {[%clk 0:12:21]} 65. Nd5+ {[%clk 0:01:19]} Kg4
{[%clk 0:12:34]} 66. Ke3 {[%clk 0:01:48]} Nc5 {[%clk 0:12:15]} 67. Nc3
{[%clk 0:01:17]} Kxh4 {[%clk 0:12:23]} 68. Bxe4 {[%clk 0:01:43]} Bg4
{[%clk 0:12:24]} 69. g6 {[%clk 0:01:15]} Kg5 {[%clk 0:12:15]} 70. Bd5
{[%clk 0:00:33]} 1/2-1/2

[Event "WYCC Open U14"]
[Site "Porto Carras"]
[Date "2015.10.28"]
[Round "4.8"]
[White "Chetrari, Nikita"]
[Black "Lobanov, Sergei"]
[Result "0-1"]
[BlackElo "2394"]
[WhiteElo "2265"]
[LiveChessVersion "1.4.6"]

1. e4 {[%clk 1:30:57]} c5 {[%clk 1:30:56]} 2. Nf3 {[%clk 1:31:21]} d6
{[%clk 1:31:23]} 3. d4 {[%clk 1:31:46]} cxd4 {[%clk 1:31:49]} 4. Nxd4
{[%clk 1:32:12]} Nf6 {[%clk 1:32:15]} 5. Nc3 {[%clk 1:32:29]} Nc6
{[%clk 1:32:39]} 6. Bg5 {[%clk 1:32:53]} e6 {[%clk 1:32:26]} 7. Qd2
{[%clk 1:32:27]} a6 {[%clk 1:32:50]} 8. O-O-O {[%clk 1:32:10]} Bd7
{[%clk 1:33:08]} 9. f3 {[%clk 1:32:22]} b5 {[%clk 1:33:28]} 10. Nxc6
{[%clk 1:27:50]} Bxc6 {[%clk 1:33:52]} 11. Ne2 {[%clk 1:27:19]} Bb7
{[%clk 1:33:54]} 12. Nd4 {[%clk 1:25:02]} Be7 {[%clk 1:34:10]} 13. Be3
{[%clk 1:20:46]} Nd7 {[%clk 1:32:42]} 14. Kb1 {[%clk 1:16:12]} O-O
{[%clk 1:31:10]} 15. g4 {[%clk 1:10:31]} d5 {[%clk 1:31:02]} 16. exd5
{[%clk 1:03:24]} Bxd5 {[%clk 1:31:27]} 17. Be2 {[%clk 1:02:10]} Ne5
{[%clk 1:26:53]} 18. Rhe1 {[%clk 0:55:23]} Nc4 {[%clk 1:18:16]} 19. Bxc4
{[%clk 0:53:41]} bxc4 {[%clk 1:18:45]} 20. f4 {[%clk 0:52:40]} Qc7
{[%clk 1:15:59]} 21. Qf2 {[%clk 0:39:39]} c3 {[%clk 1:11:49]} 22. b3
{[%clk 0:38:38]} a5 {[%clk 1:12:04]} 23. f5 {[%clk 0:30:49]} a4 {[%clk 1:12:10]}
24. Bc1 {[%clk 0:24:21]} Qa7 {[%clk 1:04:05]} 25. Re3 {[%clk 0:15:53]} Bc5
{[%clk 0:59:08]} 26. Rxc3 {[%clk 0:15:21]} axb3 {[%clk 0:59:33]} 27. cxb3
{[%clk 0:15:43]} Be4+ {[%clk 1:00:00]} 28. Ka1 {[%clk 0:15:45]} e5
{[%clk 0:59:49]} 29. Rxc5 {[%clk 0:14:50]} Qxc5 {[%clk 1:00:10]} 30. Qe2
{[%clk 0:14:57]} Bd5 {[%clk 0:53:30]} 31. Qxe5 {[%clk 0:14:31]} Rxa2+
{[%clk 0:53:34]} 32. Kb1 {[%clk 0:13:59]} Qc3 {[%clk 0:53:29]} 33. Kxa2
{[%clk 0:14:05]} Ra8+ {[%clk 0:52:36]} 34. Ba3 {[%clk 0:14:33]} Bxb3+
{[%clk 0:53:01]} 35. Kb1 {[%clk 0:14:30]} Ba2+ {[%clk 0:53:06]} 0-1

[Event "WYCC Open U14"]
[Site "Porto Carras"]
[Date "2015.10.28"]
[Round "4.9"]
[White "Guerra Rivera, Salvador"]
[Black "Erenberg, Ariel"]
[Result "1/2-1/2"]
[BlackElo "2366"]
[WhiteElo "2189"]
[LiveChessVersion "1.4.6"]

1. e4 {[%clk 1:30:57]} c5 {[%clk 1:30:50]} 2. Nf3 {[%clk 1:31:09]} d6
{[%clk 1:31:13]} 3. Nc3 {[%clk 1:31:12]} e5 {[%clk 1:31:02]} 4. Bc4
{[%clk 1:30:13]} Be7 {[%clk 1:30:42]} 5. O-O {[%clk 1:29:37]} Nf6
{[%clk 1:29:07]} 6. d3 {[%clk 1:28:48]} h6 {[%clk 1:27:46]} 7. h3
{[%clk 1:27:34]} O-O {[%clk 1:27:20]} 8. Nh2 {[%clk 1:17:20]} Nc6
{[%clk 1:21:52]} 9. a3 {[%clk 1:14:32]} a6 {[%clk 1:17:30]} 10. Ba2
{[%clk 1:08:23]} b5 {[%clk 1:16:31]} 11. Nd5 {[%clk 1:08:10]} Be6
{[%clk 1:07:41]} 12. Nxf6+ {[%clk 1:05:18]} Bxf6 {[%clk 1:08:06]} 13. Bxe6
{[%clk 1:05:39]} fxe6 {[%clk 1:08:30]} 14. Qg4 {[%clk 1:06:03]} Kh7
{[%clk 1:06:33]} 15. c3 {[%clk 1:04:53]} Qe8 {[%clk 1:05:57]} 16. Be3
{[%clk 1:00:21]} c4 {[%clk 0:55:29]} 17. Rad1 {[%clk 0:55:39]} Rd8
{[%clk 0:52:51]} 18. dxc4 {[%clk 0:38:01]} bxc4 {[%clk 0:53:00]} 19. Qe2
{[%clk 0:38:24]} d5 {[%clk 0:43:02]} 20. exd5 {[%clk 0:37:59]} exd5
{[%clk 0:43:23]} 21. Bc5 {[%clk 0:38:20]} Qe6 {[%clk 0:37:59]} 22. Bxf8
{[%clk 0:38:12]} Rxf8 {[%clk 0:38:28]} 23. Ng4 {[%clk 0:35:52]} Bg5
{[%clk 0:38:08]} 24. Ne3 {[%clk 0:25:34]} Bxe3 {[%clk 0:36:36]} 25. fxe3
{[%clk 0:16:13]} Rf6 {[%clk 0:36:50]} 26. Qd2 {[%clk 0:14:11]} Rg6
{[%clk 0:34:33]} 27. Qxd5 {[%clk 0:10:27]} Qxh3 {[%clk 0:34:54]} 28. Qe4
{[%clk 0:10:32]} Qe6 {[%clk 0:34:27]} 29. Rf3 {[%clk 0:09:14]} Ne7
{[%clk 0:33:07]} 30. Rg3 {[%clk 0:08:43]} h5 {[%clk 0:33:14]} 31. Rd8
{[%clk 0:04:36]} Nf5 {[%clk 0:28:47]} 32. Rxg6 {[%clk 0:03:10]} Kxg6
{[%clk 0:29:15]} 33. Rd5 {[%clk 0:02:57]} Kf6 {[%clk 0:29:18]} 34. Rc5
{[%clk 0:03:18]} Qe7 {[%clk 0:27:53]} 35. Rc6+ {[%clk 0:02:02]} Kg5
{[%clk 0:28:00]} 36. Rxc4 {[%clk 0:01:54]} Qd6 {[%clk 0:26:42]} 37. Qf3
{[%clk 0:02:05]} Qd2 {[%clk 0:25:08]} 38. Re4 {[%clk 0:01:27]} Kf6
{[%clk 0:24:18]} 39. Rb4 {[%clk 0:01:50]} a5 {[%clk 0:22:37]} 40. Rb6+
{[%clk 0:31:17]} Kg5 {[%clk 0:52:58]} 41. Re6 {[%clk 0:16:05]} Qe1+
{[%clk 0:53:03]} 42. Kh2 {[%clk 0:16:28]} Qh4+ {[%clk 0:53:23]} 43. Qh3
{[%clk 0:16:46]} Qe4 {[%clk 0:53:08]} 44. Re8 {[%clk 0:14:56]} Nxe3
{[%clk 0:46:07]} 45. Qg3+ {[%clk 0:12:16]} Ng4+ {[%clk 0:46:24]} 46. Kh3
{[%clk 0:12:41]} Qf5 {[%clk 0:43:13]} 47. Rg8 {[%clk 0:08:57]} Kg6
{[%clk 0:22:50]} 48. Rb8 {[%clk 0:08:57]} Qf1 {[%clk 0:14:24]} 49. Rb6+
{[%clk 0:08:37]} Kh7 {[%clk 0:14:08]} 50. Kh4 {[%clk 0:08:52]} g6
{[%clk 0:05:14]} 51. Qf3 {[%clk 0:06:09]} Qh1+ {[%clk 0:05:28]} 52. Kg5
{[%clk 0:06:36]} Qc1+ {[%clk 0:05:37]} 53. Kh4 {[%clk 0:07:00]} Qh1+
{[%clk 0:05:21]} 54. Kg5 {[%clk 0:07:26]} 1/2-1/2

[Event "WYCC Open U14"]
[Site "Porto Carras"]
[Date "2015.10.28"]
[Round "4.10"]
[White "Miyasaka, Marcus M"]
[Black "Vokhidov, Shamsiddin"]
[Result "0-1"]
[BlackElo "2336"]
[WhiteElo "2170"]
[LiveChessVersion "1.4.6"]

1. e4 {[%clk 1:30:59]} c5 {[%clk 1:30:56]} 2. Nf3 {[%clk 1:31:25]} d6
{[%clk 1:31:22]} 3. d4 cxd4 {[%clk 1:31:40]} 4. Nxd4 {[%clk 1:32:13]} Nf6
{[%clk 1:32:03]} 5. Nc3 {[%clk 1:32:40]} Bd7 {[%clk 1:32:16]} 6. Be2
{[%clk 1:32:25]} g6 {[%clk 1:32:05]} 7. Be3 {[%clk 1:13:56]} Bg7 {[%clk 1:31:31]}
8. O-O {[%clk 1:11:31]} O-O {[%clk 1:31:41]} 9. h3 {[%clk 1:10:11]} Nc6
{[%clk 1:30:10]} 10. Qd2 {[%clk 1:03:55]} Rc8 {[%clk 1:30:15]} 11. Rad1
{[%clk 0:48:55]} a6 {[%clk 1:24:08]} 12. f4 {[%clk 0:40:18]} b5 {[%clk 1:22:27]}
13. a3 {[%clk 0:34:50]} Qc7 {[%clk 1:18:46]} 14. Nb3 {[%clk 0:27:54]} Be6
{[%clk 1:17:12]} 15. Rfe1 {[%clk 0:05:07]} Rfd8 {[%clk 1:10:12]} 16. Nd5
{[%clk 0:04:41]} Qb8 {[%clk 1:04:02]} 17. Bf3 {[%clk 0:04:59]} Re8
{[%clk 1:04:18]} 18. Re2 {[%clk 0:04:14]} Rcd8 {[%clk 1:02:49]} 19. g4
{[%clk 0:03:03]} Bc8 {[%clk 1:02:39]} 20. Qe1 Nd7 21. c3 {[%clk 0:01:28]} e6
{[%clk 1:02:42]} 22. Nb4 {[%clk 0:01:54]} Nxb4 {[%clk 1:02:39]} 23. axb4
{[%clk 0:02:22]} Nb6 {[%clk 1:02:55]} 24. Na5 Qc7 25. h4 {[%clk 0:02:41]} Nc4
{[%clk 0:57:49]} 26. Nxc4 {[%clk 0:03:05]} Qxc4 {[%clk 0:57:48]} 27. h5
{[%clk 0:03:08]} Bb7 {[%clk 0:51:19]} 28. Bb6 {[%clk 0:03:29]} Rd7
{[%clk 0:51:45]} 29. hxg6 {[%clk 0:03:51]} fxg6 {[%clk 0:51:15]} 30. Qg3
{[%clk 0:01:05]} Rf8 {[%clk 0:40:35]} 31. Re3 {[%clk 0:01:12]} Rdf7
{[%clk 0:38:33]} 32. Rxd6 {[%clk 0:01:04]} Rxf4 {[%clk 0:38:36]} 33. Be2
{[%clk 0:01:31]} Rf1+ {[%clk 0:36:46]} 34. Kh2 {[%clk 0:00:31]} R1f2+
{[%clk 0:34:38]} 35. Kg1 {[%clk 0:00:58]} Rxe2 {[%clk 0:34:42]} 36. b3 Rxe3 0-1

[Event "WYCC Open U14"]
[Site "Porto Carras"]
[Date "2015.10.28"]
[Round "4.11"]
[White "Gaifullin, Artur"]
[Black "Pultinevicius, Paulius"]
[Result "1/2-1/2"]
[BlackElo "2157"]
[WhiteElo "2328"]
[LiveChessVersion "1.4.6"]

1. Nf3 {[%clk 1:30:57]} Nf6 {[%clk 1:30:53]} 2. c4 {[%clk 1:31:24]} c6
{[%clk 1:31:16]} 3. d4 {[%clk 1:30:20]} d5 {[%clk 1:31:41]} 4. e3
{[%clk 1:30:31]} g6 {[%clk 1:31:33]} 5. Bd3 {[%clk 1:30:38]} Bg7 {[%clk 1:31:55]}
6. O-O {[%clk 1:31:04]} O-O {[%clk 1:31:58]} 7. b3 {[%clk 1:29:00]} a6
{[%clk 1:28:10]} 8. Bb2 {[%clk 1:28:56]} Nbd7 {[%clk 1:27:31]} 9. Nbd2
{[%clk 1:28:50]} e6 {[%clk 1:24:08]} 10. Qe2 {[%clk 1:28:56]} Re8
{[%clk 1:19:52]} 11. Rfd1 {[%clk 1:24:01]} c5 {[%clk 0:55:36]} 12. Rac1
{[%clk 1:06:36]} b6 {[%clk 0:53:16]} 13. cxd5 {[%clk 1:03:57]} exd5
{[%clk 0:52:44]} 14. dxc5 {[%clk 0:56:24]} bxc5 {[%clk 0:52:02]} 15. Qf1
{[%clk 0:56:00]} Qb6 {[%clk 0:51:13]} 16. Rc2 {[%clk 0:34:56]} Bb7
{[%clk 0:50:00]} 17. Rdc1 {[%clk 0:33:39]} Rac8 {[%clk 0:49:21]} 18. b4
{[%clk 0:33:55]} cxb4 {[%clk 0:41:59]} 19. Bd4 {[%clk 0:34:20]} Qd6
{[%clk 0:39:45]} 20. Nb3 {[%clk 0:33:54]} Rxc2 {[%clk 0:33:58]} 21. Rxc2
{[%clk 0:34:17]} Ne4 {[%clk 0:31:31]} 22. Na5 {[%clk 0:26:28]} Bxd4
{[%clk 0:30:16]} 23. Nxb7 {[%clk 0:26:26]} Qb6 {[%clk 0:30:37]} 24. Nxd4
{[%clk 0:26:34]} Qxb7 {[%clk 0:30:47]} 25. Bxa6 {[%clk 0:26:57]} Qa7
{[%clk 0:31:00]} 26. Bb5 {[%clk 0:21:20]} Nc3 {[%clk 0:30:33]} 27. h3
{[%clk 0:21:21]} Rc8 {[%clk 0:28:11]} 28. Qc1 {[%clk 0:09:30]} Rc5
{[%clk 0:17:21]} 29. Bxd7 {[%clk 0:03:37]} Qxd7 {[%clk 0:17:45]} 30. Qb2
{[%clk 0:02:43]} Qa4 {[%clk 0:16:58]} 31. Qb3 {[%clk 0:02:51]} Ra5
{[%clk 0:16:11]} 32. Kh2 {[%clk 0:01:58]} Kg7 {[%clk 0:12:40]} 33. Rb2
{[%clk 0:01:21]} Nxa2 {[%clk 0:12:07]} 34. Qd3 {[%clk 0:01:31]} Qa3
{[%clk 0:09:19]} 35. Rb3 {[%clk 0:01:26]} Qc1 {[%clk 0:09:42]} 36. Nc2
{[%clk 0:01:50]} Kg8 {[%clk 0:08:52]} 37. g3 {[%clk 0:02:10]} Rc5
{[%clk 0:08:18]} 38. Nxb4 {[%clk 0:02:21]} Qe1 {[%clk 0:03:27]} 39. Nxa2
{[%clk 0:02:04]} Qxf2+ {[%clk 0:03:56]} 40. Kh1 {[%clk 0:32:30]} Qf3+
{[%clk 0:32:05]} 1/2-1/2